[Event "Maastricht Limburg op-B 4th"]
[Site "Maastricht"]
[Date "2010.05.24"]
[Round "6"]
[White "Jurrius, Theo"]
[Black "Geib, Volker"]
[Result "1/2-1/2"]
[WhiteElo "2016"]
[BlackElo "1799"]
[PlyCount "32"]
[EventDate "2010.05.21"]
[EventType "swiss"]
[EventRounds "7"]
[EventCountry "NED"]
[SourceTitle "EXT 2011"]
[Source "ChessBase"]
[SourceDate "2010.11.26"]
[SourceVersion "1"]
[SourceVersionDate "2010.11.26"]
[SourceQuality "1"]

1. e4 d5 2. Nc3 dxe4 3. Nxe4 Bf5 4. Ng3 Bg6 5. Nf3 Nd7 6. b3 e6 7. Bb2 Ngf6 8. d3 c6 9. Be2 Qc7 10. 0-0 Be7 11. a4 0-0 12. Nd2 Nd5 13. Bf3 Bf6 14. Bxf6 N7xf6 15. Nde4 Rad8 16. Nxf6+ Nxf6 1/2-1/2

[Event "Maastricht Limburg op-B 4th"]
[Site "Maastricht"]
[Date "2010.05.22"]
[Round "3"]
[White "Geib, Volker"]
[Black "Roufs, Gerard"]
[Result "1/2-1/2"]
[WhiteElo "1799"]
[BlackElo "1984"]
[PlyCount "74"]
[EventDate "2010.05.21"]
[EventType "swiss"]
[EventRounds "7"]
[EventCountry "NED"]
[SourceTitle "EXT 2011"]
[Source "ChessBase"]
[SourceDate "2010.11.26"]
[SourceVersion "1"]
[SourceVersionDate "2010.11.26"]
[SourceQuality "1"]

1. e4 c5 2. g3 Nc6 3. Bg2 g6 4. Ne2 Bg7 5. d3 e6 6. c3 Nge7 7. 0-0 0-0 8. f4 d6 9. Na3 Rb8 10. Nc2 b5 11. Be3 b4 12. d4 bxc3 13. bxc3 cxd4 14. cxd4 d5 15. e5 Ba6 16. Qd2 Na5 17. Rfc1 Nc4 18. Qe1 Rb2 19. Nc3 Qa5 20. Nd1 Qxe1+ 21. Nxe1 Rbb8 22. Bf1 Rb6 23. Nd3 Nf5 24. Bf2 Nd2 25. Be2 Ne4 26. Be3 Rfb8 27. g4 Nxe3 28. Nxe3 Bh6 29. g5 Bf8 30. Rc7 Rb1+ 31. Rxb1 Rxb1+ 32. Kg2 Ra1 33. Rc2 h6 34. h4 hxg5 35. hxg5 Be7 36. Kf3 Kg7 37. Nf2 Bxe2+ 1/2-1/2